000 01252nam a2200325 i 4500
003 EG-ScBUE
005 20260511133211.0
008 150816s1996 enka f b 001 0 eng d
020 _a0521567033
020 _a9780521567039
040 _aEG-ScBUE
_beng
_erda
_cEG-ScBUE
_dEG-ScBUE
082 0 4 _a547.2
_bCAR
_222
100 1 _aCarruthers, W.,
_eauthor.
245 1 0 _aModern methods of organic synthesis /
_cW. Carruthers.
250 _aThird edition.
264 1 _aCambridge ;
_aNew York :
_bCambridge University Press,
_c1996.
300 _axii, 526 pages :
_billustrations ;
_c26 cm
336 _2rdacontent
_atext
_btxt
337 _aunmediated
_2rdamedia
_bn
338 _avolume
_bnc
_2rdacarrier
504 _aIncludes bibliographical references and index.
650 7 _aOrganic compounds--
_xSynthesis.
_2BUEsh
651 _2BUEsh
653 _cAugust2015
_bPPhrm
_bENGCHE
655 _vReading book
856 4 1 _3Table of contents
_uhttp://www.loc.gov/catdir/toc/cam041/2004049222.html
856 4 1 _3Publisher description
_uhttp://www.loc.gov/catdir/description/cam041/2004049222.html
856 4 1 _3Contributor biographical information
_uhttp://www.loc.gov/catdir/enhancements/fy0732/2004049222-b.html
942 _cBB
_2ddc
999 _c6997
_d6997